NCAA Division I Basketball College Towns/Cities - Extreme - Statistics

General Stats
  • This quiz has been taken 87 times
  • The average score is 212 of 361
Answer Stats
School Town % Correct
Boston University Boston, Massachusetts
89%
Boise State University Boise, Idaho
87%
Chicago State University Chicago, Illinois
87%
Loyola University Chicago Chicago, Illinois
87%
California State University – Long Beach Long Beach, California
87%
California State University – Sacramento Sacramento, California
87%
Baylor University Waco, Texas
87%
Auburn University Auburn, Alabama
85%
California State University – Bakersfield Bakersfield, California
85%
Louisiana State University (LSU) Baton Rouge, Louisiana
85%
Clemson University Clemson, South Carolina
85%
Cleveland State University Cleveland, Ohio
85%
Ohio State University Columbus, Ohio
85%
California State University – Fresno Fresno, California
85%
California State University – Fullerton Fullerton, California
85%
California State University – Northridge Northridge, California
85%
Arizona State University Tempe, Arizona
85%
Georgetown University Washington, District Of Columbia
85%
University of Alabama – Birmingham Birmingham, Alabama
84%
Duke University Durham, North Carolina
84%
Purdue University – Fort Wayne Fort Wayne, Indiana
84%
Indiana University-Purdue University – Indianapolis (IUPUI) Indianapolis, Indiana
84%
Jacksonville State University Jacksonville, Alabama
84%
Jacksonville University Jacksonville, Florida
84%
Providence College Providence, Rhode Island
84%
San Diego State University San Diego, California
84%
San Jose State University San Jose, California
84%
Seattle University Seattle, Washington
84%
Saint Louis University St. Louis, Missouri
84%
Syracuse University Syracuse, New York
84%
Florida State University Tallahassee, Florida
84%
University of Akron Akron, Ohio
82%
University of Michigan Ann Arbor, Michigan
82%
Georgia Tech Atlanta, Georgia
82%
University of California – Berkeley Berkeley, California
82%
Indiana University Bloomington, Indiana
82%
University of North Carolina at Charlotte Charlotte, North Carolina
82%
University of Illinois at Chicago Chicago, Illinois
82%
University of Cincinnati Cincinnati, Ohio
82%
University of Denver Denver, Colorado
82%
University of Detroit Mercy Detroit, Michigan
82%
University of Houston Houston, Texas
82%
University of California – Irvine Irvine, California
82%
Jackson State University Jackson, Mississippi
82%
University of Nevada – Las Vegas (UNLV) Las Vegas, Nevada
82%
University of Nebraska Lincoln, Nebraska
82%
University of California – Los Angeles – UCLA Los Angeles, California
82%
University of Memphis Memphis, Tennessee
82%
University of New Orleans New Orleans, Louisiana
82%
University of Notre Dame Notre Dame, Indiana
82%
University of Nebraska at Omaha Omaha, Nebraska
82%
Temple University Philadelphia, Pennsylvania
82%
University of Pittsburgh Pittsburgh, Pennsylvania
82%
Brigham Young University Provo, Utah
82%
University of Nevada – Reno Reno, Nevada
82%
SUNY University at Albany Albany, New York
80%
University of Texas (UT) Austin, Texas
80%
University of Colorado Boulder, Colorado
80%
Bowling Green State University Bowling Green, Ohio
80%
SUNY University at Buffalo Buffalo, New York
80%
Texas A&M University College Station, Texas
80%
Texas A&M University – Corpus Christi Corpus Christi, Texas
80%
University of California – Davis Davis, California
80%
University of Dayton Dayton, Ohio
80%
Michigan State University East Lansing, Michigan
80%
University of Texas – El Paso El Paso, Texas
80%
University of Evansville Evansville, Indiana
80%
University of Wisconsin – Green Bay Green Bay, Wisconsin
80%
University of North Carolina – Greensboro Greensboro, North Carolina
80%
University of Missouri – Kansas City (UMKC) Kansas City, Missouri
80%
University of Tennessee Knoxville, Tennessee
80%
University of Kentucky Lexington, Kentucky
80%
University of Arkansas at Little Rock Little Rock, Arkansas
80%
University of Southern California Los Angeles, California
80%
University of Louisville Louisville, Kentucky
80%
University of Massachusetts – Lowell Lowell, Massachusetts
80%
University of Wisconsin Madison, Wisconsin
80%
Kansas State University Manhattan, Kansas
80%
University of Wisconsin – Milwaukee Milwaukee, Wisconsin
80%
University of Minnesota Minneapolis, Minnesota
80%
University of Louisiana – Monroe Monroe, Louisiana
80%
Vanderbilt University Nashville, Tennessee
80%
Tulane University New Orleans, Louisiana
80%
University of Arkansas at Pine Bluff Pine Bluff, Arkansas
80%
Portland State University Portland, Oregon
80%
University of Portland Portland, Oregon
80%
University of Richmond Richmond, Virginia
80%
University of California – Riverside Riverside, California
80%
University of Texas – San Antonio San Antonio, Texas
80%
University of San Diego San Diego, California
80%
University of San Francisco San Francisco, California
80%
University of California – Santa Barbara Santa Barbara, California
80%
Santa Clara University Santa Clara, California
80%
Stanford University Stanford, California
80%
University of Arizona Tucson, Arizona
80%
Iowa State University Ames, Iowa
78%
United States Naval Academy Annapolis, Maryland
78%
University of Texas – Arlington Arlington, Texas
78%
University of North Carolina Asheville Asheville, North Carolina
78%
University of North Carolina Chapel Hill, North Carolina
78%
College of Charleston Charleston, South Carolina
78%
Queens University of Charlotte Charlotte, North Carolina
78%
University of Tennessee – Chattanooga Chattanooga, Tennessee
78%
University of Maryland College Park, Maryland
78%
Southern Methodist University – SMU Dallas, Texas
78%
University of Oregon Eugene, Oregon
78%
University of Arkansas Fayetteville, Arkansas
78%
University of Florida Gainesville, Florida
78%
Houston Christian University Houston, Texas
78%
Marquette University Milwaukee, Wisconsin
78%
Norfolk State University Norfolk, Virginia
78%
Creighton University Omaha, Nebraska
78%
Gonzaga University Spokane, Washington
78%
University of Toledo Toledo, Ohio
78%
University of Tulsa Tulsa, Oklahoma
78%
University of Alabama Tuscaloosa, Alabama
78%
American University Washington, District Of Columbia
78%
George Washington University Washington, District Of Columbia
78%
United States Military Academy West Point, New York
78%
University of North Carolina – Wilmington Wilmington, North Carolina
78%
University of New Mexico Albuquerque, New Mexico
76%
University of Georgia Athens, Georgia
76%
University of Illinois Champaign, Illinois
76%
Charleston Southern University Charleston, South Carolina
76%
University of South Carolina Columbia, South Carolina
76%
Colorado State University Fort Collins, Colorado
76%
Rice University Houston, Texas
76%
University of Iowa Iowa City, Iowa
76%
Kent State University Kent, Ohio
76%
University of Tennessee – Martin Martin, Tennessee
76%
North Carolina State University Raleigh, North Carolina
76%
California Polytechnic State University – San Luis Obispo San Luis Obispo, California
76%
University of Washington Seattle, Washington
76%
Troy University Troy, Alabama
76%
Youngstown State University Youngstown, Ohio
76%
Harvard University Cambridge, Massachusetts
75%
University of Virginia Charlottesville, Virginia
75%
DePaul University Chicago, Illinois
75%
University of Missouri Columbia, Missouri
75%
Oregon State University Corvallis, Oregon
75%
Northwestern University Evanston, Illinois
75%
Texas Christian University (TCU) Fort Worth, Texas
75%
University of Kansas Lawrence, Kansas
75%
Texas Tech University Lubbock, Texas
75%
University of South Alabama Mobile, Alabama
75%
University of Oklahoma Norman, Oklahoma
75%
Grand Canyon University Phoenix, Arizona
75%
Brown University Providence, Rhode Island
75%
University of Mississippi (Ole Miss) University, Mississippi
75%
Purdue University West Lafayette, Indiana
75%
Wichita State University Wichita, Kansas
75%
Abilene Christian University Abilene, Texas
73%
Texas A&M University – Commerce Commerce, Texas
73%
Fairfield University Fairfield, Connecticut
73%
North Dakota State University Fargo, North Dakota
73%
University of Hawaii at Manoa Honolulu, Hawaii
73%
Columbia University New York, New York
73%
University of Central Florida Orlando, Florida
73%
University of Pennsylvania – Penn Philadelphia, Pennsylvania
73%
Princeton University Princeton, New Jersey
73%
University of Maryland – Baltimore County (UMBC) Baltimore, Maryland
71%
Virginia Tech Blacksburg, Virginia
71%
Davidson College Davidson, North Carolina
71%
Southern Illinois University Edwardsville Edwardsville, Illinois
71%
Kennesaw State University Kennesaw, Georgia
71%
University of Louisiana Lafayette, Louisiana
71%
New Mexico State University Las Cruces, New Mexico
71%
Yale University New Haven, Connecticut
71%
University of Utah Salt Lake City, Utah
71%
Oklahoma State University Stillwater, Oklahoma
71%
SUNY Stony Brook University Stony Brook, New York
71%
Georgia State University Atlanta, Georgia
69%
Fordham University Bronx, New York
69%
Florida International University Miami, Florida
69%
West Virginia University Morgantown, West Virginia
69%
Wake Forest University Winston-Salem, North Carolina
69%
University of Miami Coral Gables, Florida
67%
Delaware State University Dover, Delaware
67%
Northern Arizona University Flagstaff, Arizona
67%
Cornell University Ithaca, New York
67%
Ball State University Muncie, Indiana
67%
Loyola University Maryland Baltimore, Maryland
65%
Appalachian State University Boone, North Carolina
65%
University of Wyoming Laramie, Wyoming
65%
Mississippi State University Mississippi State, Mississippi
65%
University of Connecticut Storrs, Connecticut
65%
Penn State University Park, Pennsylvania
65%
Valparaiso University Valparaiso, Indiana
65%
University of Massachusetts Amherst, Massachusetts
64%
University of Vermont Burlington, Vermont
64%
Hampton University Hampton, Virginia
64%
University of Montana Missoula, Montana
64%
Washington State University Pullman, Washington
64%
University of St. Thomas – Minnesota Saint Paul, Minnesota
64%
University of South Florida Tampa, Florida
64%
Towson University Towson, Maryland
64%
Northeastern University Boston, Massachusetts
62%
High Point University High Point, North Carolina
62%
University of Idaho Moscow, Idaho
62%
Boston College Chestnut Hill, Massachusetts
60%
Butler University Indianapolis, Indiana
60%
Morehead State University Morehead, Kentucky
60%
Middle Tennessee State University Murfreesboro, Tennessee
60%
Niagara University Niagara University, New York
60%
Howard University Washington, District Of Columbia
60%
Eastern Michigan University Ypsilanti, Michigan
60%
Drake University Des Moines, Iowa
58%
Marshall University Huntington, West Virginia
58%
United States Air Force Academy Usafa, Colorado
58%
Florida Atlantic University Boca Raton, Florida
56%
Long Island University Brooklyn, New York
56%
University of North Texas Denton, Texas
56%
Elon University Elon, North Carolina
56%
Western Michigan University Kalamazoo, Michigan
56%
Murray State University Murray, Kentucky
56%
Rutgers University Piscataway, New Jersey
56%
Duquesne University Pittsburgh, Pennsylvania
56%
Oral Roberts University Tulsa, Oklahoma
56%
East Carolina University Greenville, North Carolina
55%
University of Southern Mississippi Hattiesburg, Mississippi
55%
Pepperdine University Malibu, California
55%
Tennessee State University Nashville, Tennessee
55%
Virginia Commonwealth University Richmond, Virginia
55%
Montana State University Bozeman, Montana
53%
Xavier University Cincinnati, Ohio
53%
Grambling State University Grambling, Louisiana
53%
Arkansas State University Jonesboro, Arkansas
53%
Liberty University Lynchburg, Virginia
53%
Belmont University Nashville, Tennessee
53%
Miami University Oxford, Ohio
53%
Drexel University Philadelphia, Pennsylvania
53%
Radford University Radford, Virginia
53%
La Salle University Philadelphia, Pennsylvania
51%
St. John's University – New York Queens, New York
51%
Indiana State University Terre Haute, Indiana
51%
Ohio University Athens, Ohio
49%
Coastal Carolina University Conway, South Carolina
49%
Utah State University Logan, Utah
49%
Idaho State University Pocatello, Idaho
49%
Louisiana Tech University Ruston, Louisiana
49%
Villanova University Villanova, Pennsylvania
49%
Alcorn State University Alcorn, Mississippi
47%
Western Kentucky University Bowling Green, Kentucky
47%
Alabama State University Montgomery, Alabama
47%
University of the Incarnate Word San Antonio, Texas
47%
Missouri State University Springfield, Missouri
47%
Florida A&M University Tallahassee, Florida
47%
William & Mary Williamsburg, Virginia
47%
The Citadel Charleston, South Carolina
45%
James Madison University Harrisonburg, Virginia
45%
University of North Florida Jacksonville, Florida
45%
Loyola Marymount University Los Angeles, California
45%
Lipscomb University Nashville, Tennessee
45%
University of Delaware Newark, Delaware
45%
New Jersey Institute of Technology Newark, New Jersey
45%
Old Dominion University Norfolk, Virginia
45%
Texas State University San Marcos, Texas
45%
University of North Dakota Grand Forks, North Dakota
44%
East Tennessee State University Johnson City, Tennessee
44%
Saint Joseph's University Philadelphia, Pennsylvania
44%
Prairie View A & M University Prairie View, Texas
44%
Georgia Southern University Statesboro, Georgia
44%
Southern Illinois University Carbondale, Illinois
42%
Bethune-Cookman University Daytona Beach, Florida
42%
University of Northern Colorado Greeley, Colorado
42%
University of Maine Orono, Maine
42%
Northern Illinois University Dekalb, Illinois
40%
Florida Gulf Coast University Fort Myers, Florida
40%
Dartmouth College Hanover, New Hampshire
40%
Bellarmine University Louisville, Kentucky
40%
Illinois State University Normal, Illinois
40%
University of South Carolina – Upstate Spartanburg, South Carolina
40%
Coppin State University Baltimore, Maryland
38%
South Dakota State University Brookings, South Dakota
38%
Mercer University Macon, Georgia
38%
Central Michigan University Mount Pleasant, Michigan
38%
Weber State University Ogden, Utah
38%
George Mason University Fairfax, Virginia
36%
Colgate University Hamilton, New York
36%
Morgan State University Baltimore, Maryland
35%
Austin Peay State University Clarksville, Tennessee
35%
Texas Southern University Houston, Texas
35%
Bradley University Peoria, Illinois
35%
College of the Holy Cross Worcester, Massachusetts
35%
Southeast Missouri State University Cape Girardeau, Missouri
33%
University of Central Arkansas Conway, Arkansas
33%
Manhattan College Riverdale, New York
33%
St. Bonaventure University Saint Bonaventure, New York
33%
Samford University Birmingham, Alabama
31%
Canisius College Buffalo, New York
31%
North Carolina Central University Durham, North Carolina
31%
Saint Peter's University Jersey City, New Jersey
31%
Utah Tech University (Formerly Dixie State University) Saint George, Utah
31%
Wagner College Staten Island, New York
31%
Wright State University Dayton, Ohio
29%
North Carolina A&T State University Greensboro, North Carolina
29%
Hofstra University Hempstead, New York
29%
Sam Houston State University Huntsville, Texas
29%
Utah Valley University Orem, Utah
29%
Marist College Poughkeepsie, New York
29%
University of the Pacific Stockton, California
29%
University of South Dakota Vermillion, South Dakota
29%
University of New Hampshire Durham, New Hampshire
27%
Sacred Heart University Fairfield, Connecticut
27%
McNeese State University Lake Charles, Louisiana
27%
Southern University & A&M College Baton Rouge, Louisiana
25%
Lehigh University Bethlehem, Pennsylvania
25%
Campbell University Buies Creek, North Carolina
25%
University of Northern Iowa Cedar Falls, Iowa
25%
Eastern Washington University Cheney, Washington
25%
Stetson University Deland, Florida
25%
University of Rhode Island Kingston, Rhode Island
25%
Saint Mary's College of California Moraga, California
25%
Iona University New Rochelle, New York
25%
Lindenwood University Saint Charles, Missouri
25%
Seton Hall University South Orange, New Jersey
25%
Southern Utah University Cedar City, Utah
24%
University of Texas – Rio Grande Valley Edinburg, Texas
24%
Mississippi Valley State University Itta Bena, Mississippi
24%
Robert Morris University – Pennsylvania Moon Township, Pennsylvania
24%
Hamline University Saint Paul, Minnesota
24%
Wofford College Spartanburg, South Carolina
24%
Lafayette College Easton, Pennsylvania
22%
Furman University Greenville, South Carolina
22%
Southeastern Louisiana University Hammond, Louisiana
22%
University of California – San Diego La Jolla, California
22%
Bucknell University Lewisburg, Pennsylvania
22%
Oakland University Rochester, Michigan
22%
Lamar University Beaumont, Texas
20%
Gardner-Webb University Boiling Springs, North Carolina
20%
Mount St. Mary's University Emmitsburg, Maryland
20%
University of North Alabama Florence, Alabama
20%
Virginia Military Institute – VMI Lexington, Virginia
20%
Stephen F Austin State University Nacogdoches, Texas
20%
South Carolina State University Orangeburg, South Carolina
20%
St. Francis College Brooklyn Heights, New York
18%
Western Carolina University Cullowhee, North Carolina
18%
Western Illinois University Macomb, Illinois
18%
Northwestern State University of Louisiana Natchitoches, Louisiana
18%
Alabama A&M University Normal, Alabama
18%
California Baptist University Riverside, California
18%
Winthrop University Rock Hill, South Carolina
18%
Bryant University Smithfield, Rhode Island
18%
Eastern Illinois University Charleston, Illinois
16%
Longwood University Farmville, Virginia
16%
Saint Francis University Loretto, Pennsylvania
16%
Merrimack College North Andover, Massachusetts
16%
Eastern Kentucky University Richmond, Kentucky
16%
Tarleton State University Stephenville, Texas
16%
University of Maryland Eastern Shore Princess Anne, Maryland
15%
Quinnipiac University Hamden, Connecticut
13%
Northern Kentucky University Highland Heights, Kentucky
13%
Fairleigh Dickinson University Teaneck, New Jersey
13%
Presbyterian College Clinton, South Carolina
11%
Central Connecticut State University New Britain, Connecticut
11%
Nicholls State University Thibodaux, Louisiana
11%
SUNY Binghamton University Vestal, New York
11%
Monmouth University West Long Branch, New Jersey
11%
Rider University Lawrenceville, New Jersey
9%
Stonehill College Easton, Massachusetts
7%
Siena College Loudonville, New York
7%
No matching quizzes found
Score Distribution
Percent of People with Each Score
Percentile by Number Answered
Your Score History
You have not taken this quiz